000 00381pab a2200157 454500
008 180718b1998 xxu||||| |||| 00| 0 eng d
100 _aPatil, B.B.
245 _aEnergy conservation: its planning and management
260 _c1998
300 _ap.9-11,26
362 _aJul
650 _aEnergy conservation
700 _aPatra, K.C.
773 _aKurukshetra
909 _a38618
999 _c38618
_d38618